000 00830aam a2200301 i 4500
001 768714001
003 CO-MdFUSB
005 20250513171520.0
007 ta
008 250513t1969 -us |||| |||| 00| 0 eng d
040 _cCO-MdFUSB
041 0 _aeng
082 0 4 _223
_a248
_bK378i
100 1 _aKenyon, E. W. (Essek William) (1867-1948)
_eautor
245 1 0 _aIn his presence
_c/ E. W. Kenyon
250 _aDécimo primera edición
264 1 _bKenyon's Gospel Publishing Society,
_aSeattle, Washington, USA :
_c[1969]
264 4 _c©1969
300 _a219 páginas
336 _atexto
_btxt
_2rdacontent
337 _2rdamedia
_asin mediación
_bn
338 _2rdacarrier
_avolumen
_bnc
563 _aRústico
650 0 _aVida cristiana
_919
942 _cBK
945 _aJTF-925
999 _c35557
_d35557